Statistics for Every Game created by RobTop Games

Click here to take the quiz!

General Stats

  • This quiz has been taken 7 times
  • The average score is 5 of 9

Answer Stats

Release YearGame% Correct
2013Geometry Dash
100%
2015Geometry Dash Meltdown
83%
2017Geometry Dash SubZero
83%
2016Geometry Dash World
83%
2013Geometry Dash Lite
67%
2012Boomlings
50%
2013Boomlings MatchUp
17%
2010Bouncy Ball Thingy
17%
2013Memory Mastermind
17%

Score Distribution

Percentile by Number Answered

Percent of People with Each Score

Your Score History

You have not taken this quiz